Object-Oriented application development using Microsoft Visual Basic .Net
Includes index
Wedi'i Gadw mewn:
| Awduron Eraill: | |
|---|---|
| Fformat: | Llyfr |
| Iaith: | Undetermined |
| Cyhoeddwyd: |
Boston
Course Technology
2003
|
| Pynciau: | |
| Mynediad Ar-lein: | http://lrc.tdmu.edu.vn/opac/search/detail.asp?aID=2&ID=7548 |
| Tagiau: |
Ychwanegu Tag
Dim Tagiau, Byddwch y cyntaf i dagio'r cofnod hwn!
|
| Thư viện lưu trữ: | Trung tâm Học liệu Trường Đại học Thủ Dầu Một |
|---|
| LEADER | 00703nam a2200205Ia 4500 | ||
|---|---|---|---|
| 001 | TDMU_7548 | ||
| 008 | 210410s9999 xx 000 0 und d | ||
| 082 | |a 005.1 | ||
| 090 | |b O418 | ||
| 245 | 0 | |a Object-Oriented application development using Microsoft Visual Basic .Net | |
| 245 | 0 | |c E. Reed Doke [ect] | |
| 260 | |a Boston | ||
| 260 | |b Course Technology | ||
| 260 | |c 2003 | ||
| 300 | |a xxiii, 799 p | ||
| 520 | |a Includes index | ||
| 650 | |a Application software |x Development; Object-oriented programming (Computer science) | ||
| 700 | |a Doke, E. Reed | ||
| 856 | |u http://lrc.tdmu.edu.vn/opac/search/detail.asp?aID=2&ID=7548 | ||
| 980 | |a Trung tâm Học liệu Trường Đại học Thủ Dầu Một | ||